01266nam a2200361Ia 4500001000900000003000500009005001700014008004100031010001100072040000900083082001900092100002400111240007800135245009100213260003400304300001100338500008600349503000700435590002000442650002900462650003300491650003500524650003000559650002400589650002500613700003200638901001900670902000600689905006300695942001500758999001900773952011200792dia_7755CHAP20251023152115.0220117s1966 xx 000 0 und d a179221 cCHAP a335.4 L36 1966 aLange, Oskar964739 aEntwicklungstendenzen der modernen Wirtschaft und Gesellschaft. Español aLa economía de las sociedades modernas /c Oskar Lange ; traducción Mircia Bofill aMéxico :b Grijalbo,c1966 a290 p. aTítulo original: Entwicklungstendenzen der modernen Wirtschaft und Gesellschaft aD. aHB97.5 L36 1966 aDesarrollo económico  aEconomía Marxista 935275 aEconomic development 9149964 aMarxian economics9163410 aSocialism 9163411 aSocialismo 9108040 aBofill, Mircia, tr.9163412 a335.4 L36 1966 aA a5232271966 mx x 8222223322spa16 cLIBRO2ddc c179221d179221 00102ddc40708GRALaIA_bIA_c1d2022-01-18f1l0pdia_013177r2022-01-18 00:00:00t1w2022-01-18yLIBRO